Portuguese Geography A-Z - Statistics

General Stats
  • This quiz has been taken 48 times
  • The average score is 10 of 23
Answer Stats
Hint Answer % Correct
I Peninsula on which Portugal lies Iberia
86%
A Southernmost region of mainland Portugal Algarve
84%
O Portugal is the world's fourth-largest producer of this type of oil Olive oil
84%
M Autonomous island group that are located closer to Africa than Portugal Madeira
82%
T Lisbon lies at the end of this river Tagus
68%
N The U.S. has 63 and the U.K. has 15 of this type of protected area – meanwhile Portugal has only 1, called "Peneda-Gerês" National park
66%
D River and wine region Douro
61%
B Third most populated urban area in Portugal Braga
55%
F Resort that is the southernmost city in mainland Portugal Faro
55%
J The Pastel de nata was originally created by 18th century Catholic monks at this monastery in Lisbon (hint: Think of an Apache leader) {Jerónimo}s Monastery
52%
C Gulf that the southeastern coast of Portugal borders – named for a Spanish city Cadiz
50%
L Term for a native speaker of the Portuguese language {Luso}phone
50%
U Lisbon's ancient name derived from this Roman name of Odysseus Ulysses
41%
S Term used to refer to the Portuguese–Spanish border or a long, narrow bandyou see on a flag Stripe
30%
P Mountain in the Azores that is the tallest in the entire Portugal: Mount ____ Pico
27%
E Name for the area of the sea that a country has exclusive rights to – Portugal'sis 18,7 times larger than its total land area Exclusive economic zone
23%
G River that makes a huge chunk of the southern Spanish–Portuguese border Guadiana
20%
Q City of a 18th century pleasure palace of the Portuguese Royal Family Queluz
18%
V Longest bridge in the European Union Vasco da Gama Bridge
18%
W One of the three island groupings that form the Azores – includes Flores and Corvo {Western} Group
14%
R This cape forms the westernmost point of mainland Portugal, of continental Europe, and of the Eurasian landmass: Cape ____ Roca
11%
H The legislative capital of the Azores Horta
9%
Z Longest tributary to the river T that is located entirely within Portugal Zêzere River
2%
No matching quizzes found
Score Distribution
Percent of People with Each Score
Percentile by Number Answered
Your Score History
You have not taken this quiz